|
|
|
|
| LEADER |
00000nam a2200000Ii 4500 |
| 001 |
DIGANBSCH0016 |
| 003 |
NyNyDIG |
| 006 |
m o d |
| 007 |
cr ||||||||||| |
| 008 |
240103s2009 sp o 000 0 spa d |
| 035 |
|
|
|a (OCoLC)889885385
|
| 040 |
|
|
|a DGITA
|b eng
|e rda
|e pn
|c DGITA
|
| 020 |
|
|
|a 9788495348654
|q eBook
|
| 020 |
|
|
|z 9788495348500
|
| 041 |
1 |
|
|a spa
|h eng
|
| 050 |
1 |
4 |
|a RC66 ebook
|
| 082 |
0 |
4 |
|a 616
|2 23
|
| 100 |
1 |
|
|a Gawande, Atul,
|e author.
|
| 240 |
1 |
0 |
|a Better.
|l Spanish
|s (Corriente Basús)
|
| 245 |
1 |
0 |
|a Mejor :
|b notas de un cirujano sobre cómo rendir mejor /
|c Atul Gawande ; traducción, Federico Corriente Basús.
|
| 246 |
3 |
0 |
|a Notas de un cirujano sobre cómo rendir mejor
|
| 264 |
|
1 |
|a Barcelona, España :
|b Antoni Bosch editor,
|c [2009]
|
| 300 |
|
|
|a 1 online resource.
|
| 336 |
|
|
|a text
|b txt
|2 rdacontent
|
| 337 |
|
|
|a computer
|b c
|2 rdamedia
|
| 338 |
|
|
|a online resource
|b cr
|2 rdacarrier
|
| 347 |
|
|
|a text file
|2 rdaft
|
| 347 |
|
|
|b PDF
|
| 588 |
0 |
|
|a Online resource; title from PDF title page (Digitalia, viewed January 3, 2024)
|
| 600 |
1 |
0 |
|a Gawande, Atul.
|
| 650 |
|
0 |
|a Internal medicine
|v Case studies.
|
| 650 |
|
0 |
|a Medicine
|x Miscellanea.
|
| 700 |
1 |
|
|a Corriente Basús, Federico,
|e translator.
|
| 700 |
1 |
|
|i Translation of:
|a Gawande, Atul.
|t Better.
|
| 791 |
2 |
|
|a Digitalia (Firm),
|e distributor.
|
| 793 |
0 |
|
|g Digitalia eBook Collection:
|a Antoni Bosch Editor
|
| 776 |
0 |
8 |
|i Print version:
|a Gawande, Atul.
|s Better. Spanish (Corriente Basús).
|t Mejor.
|d Barcelona, España : Antoni Bosch editor, [2009]
|z 9788495348500
|
| 856 |
4 |
0 |
|3 Digitalia Hispánica
|u https://www.digitaliapublishing.com/a/84039/
|
| 910 |
|
|
|a Premium collection: 2024
|